Factibilidad técnica y económica de una planta de reprocesamiento y reciclado de aceite usado
Salvato in:
| Autore principale: | |
|---|---|
| Natura: | Libro |
| Lingua: | Spanish |
| Pubblicazione: |
San José, Costa Rica
2012
|
| Soggetti: | |
| Tags: |
Aggiungi Tag
Nessun Tag, puoi essere il primo ad aggiungerne!!
|
MARC
| LEADER | 00000nam a22000007a 4500 | ||
|---|---|---|---|
| 003 | 010785 | ||
| 005 | 20231130112722.0 | ||
| 008 | 151102b2012 cr a|||| |||| 00| 0 spa d | ||
| 040 | |c cru CEDI | ||
| 090 | |a TFG 6608 | ||
| 100 | |a Bloomfield Foster, Mark, 1927- |d Director del TFG |9 1942 | ||
| 245 | |a Factibilidad técnica y económica de una planta de reprocesamiento y reciclado de aceite usado | ||
| 260 | |a San José, Costa Rica |c 2012 | ||
| 500 | |a Proyecto de graduación (licenciatura en ingeniería química)--Universidad de Costa Rica. Facultad de Ingeniería. Escuela de Ingeniería Química | ||
| 650 | |x RECUPERACION DE ACEITES USADOS - ASPECTOS ECONOMICOS |x RECUPERACION DE ACEITES USADOS - EQUIPOS Y ACCESORIOS - COSTOS |x EXTRACCION (QUIMICA) |x ACEITES LUBRICANTES |x ACEITES LUBRICANTES - ASPECTOS AMBIENTALES - COSTA RICA |9 1943 | ||
| 942 | |c TFG | ||
| 999 | |c 14342 |d 14342 | ||
